Les 10 dernières franchises titrées en NBA - Statistiques

Statistiques générales
  • Ce quiz a été pris 33 fois
  • Le résultat moyen est 9 sur 11
Statistiques - réponses
Année Franchise % Correct
2024 Boston Celtics
91%
2015 Golden State Warriors
88%
2017 Golden State Warriors
88%
2018 Golden State Warriors
88%
2022 Golden State Warriors
88%
2020 Los Angeles Lakers
88%
2016 Cleveland Cavaliers
81%
2023 Denver Nuggets
81%
2021 Milwaukee Bucks
81%
2019 Toronto Raptors
78%
2025 Oklahoma City Thunder
72%
Aucun quiz correspondant
Distribution des résultats
% des personnes avec chaque résultat
Percentile par nombre de réponses
Votre historique - résultats
Vous n’avez pas pris ce quiz